Statistics for Common Lyrics All Too Well (10 Minute Version) (Taylor's Version)

Click here to take the quiz!

General Stats

  • This quiz has been taken 44 times
  • The average score is 190 of 333

Answer Stats

Times SaidAnswer% Correct
11a
100%
55I
100%
32the
100%
1an
96%
30and
96%
4be
96%
38it
96%
12to
96%
44you
96%
22all
93%
11but
93%
2do
93%
2he
93%
18in
93%
14too
93%
44was
93%
8we
93%
4when
93%
13me
89%
7on
89%
2so
89%
2then
89%
3up
89%
15well
89%
6again
86%
6it's
86%
9like
86%
3love
86%
16my
86%
1no
86%
18remember
86%
37there
86%
3what
86%
1where
86%
10your
86%
2as
82%
8down
82%
1even
82%
2got
82%
2say
82%
2scarf
82%
1some
82%
5that
82%
2town
82%
1walk
82%
7were
82%
2we're
82%
2who
82%
3with
82%
1air
79%
4at
79%
1call
79%
2cold
79%
2door
79%
2felt
79%
2fine
79%
1ground
79%
2home
79%
1house
79%
3know
79%
3never
79%
3now
79%
1patriarchy
79%
1sister's
79%
1skipping
79%
4about
75%
3after
75%
2car
75%
1fuck
75%
2get
75%
1her
75%
1left
75%
1something
75%
3still
75%
2thing
75%
1through
75%
3time
75%
1always
71%
3back
71%
1called
71%
1can
71%
1 | 2here
71%
3lost
71%
3not
71%
1piece
71%
1somehow
71%
2thinking
71%
1walked
71%
1why
71%
8cause
68%
2days
68%
1drawer
68%
1fall
68%
1getting
68%
3gone
68%
1gonna
68%
5just
68%
3night
68%
7of
68%
2red
68%
2til
68%
2turning
68%
2twin
68%
1by
64%
1dead
64%
1falling
64%
1he's
64%
1I'd
64%
6I'm
64%
1into
64%
1keychain
64%
1leaves
64%
2made
64%
2old
64%
1stories
64%
1team
64%
2telling
64%
4us
64%
1autumn
61%
1ball
61%
2come
61%
1disposition
61%
2ever
61%
2for
61%
1future
61%
1glasses
61%
6hair
61%
1keys
61%
1kid
61%
2little
61%
3long
61%
1might
61%
1more
61%
1mother's
61%
1okay
61%
1past
61%
1pieces
61%
1place
61%
1singing
61%
1swear
61%
1sweet
61%
1upstate
61%
6wind
61%
1album
57%
1any
57%
4are
57%
1bed
57%
1being
57%
1buried
57%
1casually
57%
1check
57%
1cruel
57%
3did
57%
1drive
57%
1gaze
57%
1grave
57%
1honest
57%
2jokes
57%
1lying
57%
1magic's
57%
4maybe
57%
1months
57%
1name
57%
1paper
57%
1photo
57%
1picture
57%
1pulse
57%
1same
57%
1swearing
57%
1tee
57%
1things
57%
2this
57%
1three
57%
1tossing
57%
1used
57%
2you've
57%
2age
54%
1break
54%
1cheeks
54%
1counter
54%
1dad
54%
1eyed
54%
2first
54%
3had
54%
1kitchen
54%
1light
54%
1oh
54%
1promise
54%
2said
54%
1sized
54%
1these
54%
1twenty-one
54%
1wide
54%
2affair
50%
1alone
50%
1around
50%
1dancing
50%
1fun
50%
1goes
50%
1if
50%
1line
50%
1lovers
50%
1mail
50%
1oath
50%
1over
50%
1punch
50%
1refrigerator
50%
1self
50%
1shame
50%
1stay
50%
1translation
50%
1asked
46%
1blue
46%
1can't
46%
1crumpled
46%
1die
46%
2from
46%
1held
46%
1innocence
46%
2kept
46%
1lifeless
46%
1looking
46%
1middle
46%
1nights
46%
1older
46%
1real
46%
1remind
46%
1rid
46%
1secret
46%
1she
46%
1smells
46%
1street
46%
1supposed
46%
1very
46%
1want
46%
1week
46%
1actress
43%
1asking
43%
1coffee
43%
2frame
43%
1good
43%
2happened
43%
1idea
43%
1I'll
43%
1keep
43%
1late
43%
2maim
43%
1masterpiece
43%
1plaid
43%
5prayer
43%
1ran
43%
1shirt
43%
1show
43%
1told
43%
1who's
43%
1whose
43%
1won't
43%
1almost
39%
2been
39%
4between
39%
1bruise
39%
2forget
39%
1how
39%
1much
39%
1needed
39%
1own
39%
1paint
39%
1reached
39%
1running
39%
5sacred
39%
1scared
39%
1snow
39%
1soldier
39%
6stairs
39%
1tore
39%
1went
39%
1bathroom
36%
1Brooklyn
36%
1closer
36%
1could
36%
1else
36%
1find
36%
1fly
36%
1front
36%
1half
36%
1nothing
36%
1party
36%
6rare
36%
1reflects
36%
1returning
36%
1sipping
36%
1that's
36%
1trying
36%
1weight
36%
1you're
36%
1bones
32%
1charmed
32%
1every
32%
1known
32%
1lovely
32%
1nobody
32%
1one
32%
1paralyzed
32%
1shine
32%
1skin
32%
1willing
32%
1wondered
32%
1before
29%
1broke
29%
1enough
29%
1fell
29%
1jewel
29%
1loved
29%
1needy
29%
1watch
29%
1we'd
29%
1would've
29%
1cross
25%
1double
25%
1hell
25%
1mind
25%
1weeping
25%
1city's
21%
1glistened
21%
1new
21%
1self-effacing
21%
1they
21%
1barren
18%
1ends
18%
1watched
18%
1all's
14%
2yeah
11%

Score Distribution

Percentile by Number Answered

Percent of People with Each Score

Your Score History

You have not taken this quiz